000 00268nam a2200109Ia 4500
008 190914s9999||||xx |||||||||||||| ||und||
100 _aBPP Publishing
245 0 _aACCA Paper P7 Advanced Audit
260 _aAmerica
_bMcGraw Hill
_c1991
300 _a346
942 _cBK
999 _c8879
_d8879